| 000 | 00740nam a2200241Ia 4500 | ||
|---|---|---|---|
| 008 | 191130s2005##################000#0#eng## | ||
| 020 | _a9780131140141 | ||
| 022 | _a2004008682 | ||
| 040 |
_aACL _cACL |
||
| 082 | _a650.01513 ROU | ||
| 100 | _aRoueche, Nelda W | ||
| 245 |
_aBusiness mathematics : a collegiate approach _cNelda W. Roueche, Virginia H. Graves, Michael D. Tuttle |
||
| 250 | _a9th ed | ||
| 260 |
_aUpper Saddle River, NJ _bPearson/Prentice Hall _cc2005 |
||
| 300 | _axiv, 732 p. : ill. ; 27 cm | ||
| 500 | _aIncludes index | ||
| 650 | _aBusiness mathematics | ||
| 700 | _aGraves, Virginia H | ||
| 700 | _aTuttle, Michael D | ||
| 990 | _acb648842ac10000c6904053a7ebeea2a | ||
| 991 | _a362218 | ||
| 999 |
_c121707 _d121707 |
||